Little Masterpieces : (Record no. 268969)
[ view plain ]
| 000 -LEADER | |
|---|---|
| fixed length control field | 00754cam a22002173a 4500 |
| 001 - CONTROL NUMBER | |
| control field | 39716 |
| 003 - CONTROL NUMBER IDENTIFIER | |
| control field | PGUSA |
| 005 - DATE AND TIME OF LATEST TRANSACTION | |
| control field | 20140828083902.0 |
| 008 - FIXED-LENGTH DATA ELEMENTS--GENERAL INFORMATION | |
| fixed length control field | 120517s2012||||xxu|||||s|||||000 | eng d |
| 040 ## - CATALOGING SOURCE | |
| Original cataloging agency | PGUSA |
| Language of cataloging | eng |
| 042 ## - AUTHENTICATION CODE | |
| Authentication code | dc |
| 100 1# - MAIN ENTRY--PERSONAL NAME | |
| Personal name | Hawthorne, Nathaniel, |
| Dates associated with a name | 1804-1864 |
| 245 10 - TITLE STATEMENT | |
| Title | Little Masterpieces : |
| Remainder of title | Dr. Heidegger's Experiment, The Birthmark, Ethan Brand, Wakefield, Drowne's Wooden Image, The Ambitious Guest, The Great Stone F |
| Medium | [electronic resource] / |
| Statement of responsibility, etc | Nathaniel Hawthorne |
| 260 ## - PUBLICATION, DISTRIBUTION, ETC. (IMPRINT) | |
| Name of publisher, distributor, etc | Project Gutenberg, |
| Date of publication, distribution, etc | 2012 |
| 506 ## - RESTRICTIONS ON ACCESS NOTE | |
| Terms governing access | Public domain in the USA. |
| 516 ## - TYPE OF COMPUTER FILE OR DATA NOTE | |
| Type of computer file or data note | Electronic text |
| 700 1# - ADDED ENTRY--PERSONAL NAME | |
| Personal name | Perry, Bliss, |
| Dates associated with a name | 1860-1954 |
| 830 #0 - SERIES ADDED ENTRY--UNIFORM TITLE | |
| Uniform title | Project Gutenberg |
| Volume number/sequential designation | 39716 |
| 856 40 - ELECTRONIC LOCATION AND ACCESS | |
| Uniform Resource Identifier | <a href="http://www.gutenberg.org/ebooks/39716">http://www.gutenberg.org/ebooks/39716</a> |
| 942 ## - ADDED ENTRY ELEMENTS (KOHA) | |
| Koha item type | eBooks |
| Withdrawn status | Lost status | Damaged status | Home library | Current library | Date acquired | Total Checkouts | Date last seen | Price effective from | Koha item type |
|---|---|---|---|---|---|---|---|---|---|
| Project Gutenberg | Project Gutenberg | 08/28/2014 | 08/28/2014 | 08/28/2014 | eBooks |